000 00784nam a2200217Ia 4500
003 GCL
008 140319s9999 xx 000 0 ara d
040 _aGCL /
_cGCL
082 0 4 _a811.4
_bح د
100 1 _aابوتمام : حبيب بن اوس بن الحارث بن قيس الطائى
245 1 0 _aديوان الحماسة /
_cابوتمام : حبيب بن اوس بن الحارث بن قيس الطائى
250 _aالثانية
260 _aالقاهرة :
_bمكتبة ومطبعة محمد على صبيح
300 _a2مج فى واحد ؛
_c19 سم
490 _a
650 0 4 _aالشعر العربى
650 0 4 _aالادب العربى
650 0 4 _aالقصائد والدواوين
650 0 4 _aالشعر الحماسى
942 _2ddc
_cBK
999 _c40822
_d40822